01593nam a22003497a 4500001001000000003000900010005001700019007000300036008003400039040005400073041001000127072003200137090001900169100002200188110010400210245022700314246021800541260003800759300001100797500008200808650001900890650001200909650001300921650002200934650003000956650003100986650001401017909003601031942000701067999001701074952015201091BR8301933BR-BrBNA20230928091634.0ta230509b bl.||||| |||| 00| 0 por d aBR-BrBNAbporcBiblioteca Nacional de Agricultura a(Por) aF60; F25b0230b3862b/G514  0230 BR83019331 aSilva, G.M. de A.1 aEscola Superior de Agricultura Luiz de Queiroz, Piracicaba, SP (Brasil)0Tese (Mestre em Agronomia)1 aEfeitos da aplicacao de vinhaca no estado nutricional, produtividade e qualidade tecnologica da cana-de-acucar (Saccharum spp)em dois tipos de solo [latossolo roxo distrofico, latossolo vermelho amarelo, Sao Paulo, Brasil]1 a[Effects of vinasse application on the nutritional status, productiveness and technological quality of sugarcane (saccharum spp)in two soil types [purple distrophic latosol, red yellow latosol, Sao Paulo, Brazil]]3 aPiracicaba, SP (Brasil): c1982.  a142 p. a16 illus.; 46 tables; Bibliography p. 115-121 (52 ref.); Summaries (Eng, Por) aCANA DE ACUCAR aVINHACA aADUBACAO aNUTRIENTE MINERAL aLATOSSOLO ROXO DISTROFICO aLATOSSOLO VERMELHO AMARELO aSAO PAULO a202309bLuciac55dLucia Elande cBK c34786d34786 002AGRIS40708AGROBASEa41918b41918l0o 0230 BR8301933p0230 BR8301933r2023-09-25t01yBK10d2023-09-25ePortaria Interministerial nÂș 164/94